| 000 | 00929nam a2200277 a 4500 | ||
|---|---|---|---|
| 003 | UPN | ||
| 005 | 20250109082200.0 | ||
| 008 | 991125s1928 fr 000 0 fre u | ||
| 035 | _aUPN01000045912 | ||
| 040 |
_aUPN _bspa _cUPN |
||
| 049 | _aCE | ||
| 050 | 4 |
_aBF176 _bD4.6 1928 |
|
| 100 | 1 |
_aDecroly, Ovide, _d1871-1932 _928067 |
|
| 100 | 1 |
_aBuyse, Raymond, _d1889-1974 _931397 |
|
| 245 | 1 | 3 | _aLa practique des tests mentaux |
| 260 |
_a[París] : _bF. Alcan, _c1928. |
||
| 300 |
_axvi, 402 páginas, _a[1] hoja pleglable |
||
| 490 | 0 |
_aBibliothéque de psychologie de l'enfant et de pédagogie ; _v5 |
|
| 650 | 4 |
_aNiño, Estudio del _9221 |
|
| 650 | 4 |
_aPruebas mentales _915534 |
|
| 700 | 1 |
_aLuna de Ibarra, Luz _epropietaria anterior _951389 |
|
| 710 | 2 |
_aInstituto Nacional de Investigación Educativa (México) _epropietario anterior _928086 |
|
| 902 | _bMaríaRobles/150324 | ||
| 905 | _aLibro | ||
| 942 |
_2lcc _n0 _cLIBRO |
||
| 999 |
_c45912 _d45912 |
||